[Event "Montigny le Bretonneux op 21st"]
[Site "Montigny le Bretonneux"]
[Date "2023.10.23"]
[Round "3"]
[White "Henry, Victor"]
[Black "Moulun, Raphael"]
[Result "1/2-1/2"]
[WhiteElo "1339"]
[BlackElo "1241"]
[PlyCount "77"]
[EventDate "2023.10.21"]
[EventType "swiss"]
[EventRounds "7"]
[EventCountry "FRA"]
[SourceTitle "Mega2024 Update 01"]
[Source "Chessbase"]
[SourceDate "2023.11.12"]
[SourceVersion "1"]
[SourceVersionDate "2023.11.12"]
[SourceQuality "1"]

1. c4 c5 2. Nc3 Nc6 3. g3 g6 4. Bg2 Bg7 5. e3 e6 6. Nge2 Nge7 7. d4 cxd4 8. exd4 d5 9. cxd5 Nxd5 10. 0-0 0-0 11. Rb1 Rb8 12. Nf4 Bxd4 13. Nfxd5 exd5 14. Bxd5 Bb6 15. Be3 Bxe3 16. fxe3 Ne7 17. Qd4 Nxd5 18. Nxd5 f5 19. Qe5 Bd7 20. Rfd1 Rf7 21. Rbc1 Rc8 22. Rxc8 Bxc8 23. Nc3 Bd7 24. Qd5 Qe7 25. Kf2 Bc6 26. Qd6 Qxd6 27. Rxd6 Rd7 28. Rxd7 Bxd7 29. Kf3 Bc6+ 30. Kf4 Kg7 31. e4 fxe4 32. Nxe4 Bxe4 33. Kxe4 Kf6 34. b4 Ke6 35. a4 b6 36. h4 h5 37. a5 bxa5 38. bxa5 a6 39. Kf4 1/2-1/2

[Event "Montigny le Bretonneux op 21st"]
[Site "Montigny le Bretonneux"]
[Date "2023.10.22"]
[Round "2"]
[White "Schwartz, Timothee"]
[Black "Henry, Victor"]
[Result "1-0"]
[WhiteElo "1494"]
[BlackElo "1339"]
[PlyCount "61"]
[EventDate "2023.10.21"]
[EventType "swiss"]
[EventRounds "7"]
[EventCountry "FRA"]
[SourceTitle "Mega2024 Update 01"]
[Source "Chessbase"]
[SourceDate "2023.11.12"]
[SourceVersion "1"]
[SourceVersionDate "2023.11.12"]
[SourceQuality "1"]

1. e4 e6 2. d4 d5 3. e5 c5 4. c3 Nc6 5. Nf3 Bd7 6. Be2 Qb6 7. 0-0 cxd4 8. cxd4 Nge7 9. Na3 Nf5 10. Nc2 Nb4 11. Nxb4 Bxb4 12. g4 Nh6 13. a3 Be7 14. Bxh6 gxh6 15. Qd3 a6 16. a4 Bc6 17. Rfb1 a5 18. Kh1 Kd7 19. Qe3 Rag8 20. h3 Bg5 21. Nxg5 hxg5 22. b4 Ke7 23. Kg2 f6 24. exf6+ Kxf6 25. Qe5+ Ke7 26. bxa5 Qxa5 27. Bb5 Qc3 28. Rc1 Qb2 29. Bxc6 bxc6 30. Rxc6 Qxa1 31. Rc7+ 1-0